| 000 | 00727nam 22001933 4500 | ||
|---|---|---|---|
| 001 | 187879 | ||
| 010 | _a978-989-98805-7-3 | ||
| 021 | _b356090/13 | ||
| 090 | _a187879 | ||
| 100 | _a20240227d u||y0pory50 ba | ||
| 200 |
_aColóquio de arqueologia do Alqueva _eO Plano de Rega (2002-2010) _fColóquio de Arqueologia do Alqueva. 4º 24, 25 e 26 de Fev. 2010 |
||
| 210 |
_aBeja _cEDIA - Empresas de desenvolvimento e infra-estruturas do Alqueva _d2014 |
||
| 215 |
_a293 p. _cencadernado _d28 cm |
||
| 225 |
_aMemórias d'Odiana _eEstudos Arqueológicos do Alqueva _h2ª série |
||
| 675 |
_a902 _vPT _zpor |
||
| 710 |
_95634 _aColóquio de Arqueologia do Alqueva, 4º |
||
| 801 |
_aPT _bBMMN _gRPC |
||
| 830 |
_cFernando _fFernando |
||
| 990 | _cLIVROS | ||